00521nam a2200193 a 4500001001300000003000900013005001700022008004100039020001000080082001500090100001900105245007400124260004100198300000900239500003500248505001100283650001400294700001900308nice12345678IN_TiNIC20260116012130.0050524s1927 lona grp 000 0 eng  ac10000a234.5bHAR aHartill, Percy aNecessity of Redemptionb Study in the Significanese of the Atonement aLondonbLongmans, Green and Coc1927 a121p aincludes index and biblioraphy2 aIndex. aAtonement1 aHartill, Percy